[Event "Cacak"]
[Site "Cacak"]
[Date "1996.??.??"]
[Round "3"]
[White "Hodgson, Julian M"]
[Black "Almasi, Zoltan"]
[Result "0-1"]
[WhiteElo "2550"]
[BlackElo "2655"]
[Annotator "Jacoby,G"]
[PlyCount "96"]
[EventDate "1996.11.??"]
[EventType "tourn"]
[EventRounds "9"]
[EventCountry "YUG"]
[EventCategory "13"]
[SourceTitle "CBM 057"]
[Source "ChessBase"]
[SourceDate "1997.04.01"]
[SourceVersion "1"]
[SourceVersionDate "1997.04.01"]
[SourceQuality "1"]

1. d4 Nf6 2. Bg5 d5 3. Nd2 (3. e3 e6 4. Bd3 c5 5. c3 Nbd7 6. f4 Qb6 7. Qc2 c4
8. Be2 Ne4 9. Bh4 f5 10. Nf3 Qa5 11. Ne5 b5 12. Nd2 Nxd2 13. Bh5+ g6 14. Nxg6
Nb6 15. Ne5# {1-0 Janowski,D-Michel,W/Semmering 1926}) 3... e6 4. e3 (4. e4 h6
(4... dxe4 5. Nxe4 {Französich} Be7 {C11}) 5. Bxf6 Qxf6 $13) 4... Be7 (4... c5
5. c3 Nbd7 6. Bd3 Be7 7. f4 b6 8. Ngf3 Bb7 9. Ne5 Nxe5 10. fxe5 Nd7 11. Bf4 (
11. Bxe7 Qxe7 {/\f7-f6}) 11... c4 12. Bc2 Qc7 (12... f6 13. Nf3) 13. Qh5 g6 14.
Qh6 O-O-O 15. O-O Rdf8 16. Nf3 {[%cal Yf1f7]} Qd8 17. Rf2 Bc6 18. Raf1 Kb7 19.
Bg5 f5 20. exf6 Bxf6 21. Bxf6 Rxf6 22. Ng5 Qe7 23. Rxf6 Nxf6 24. Bxg6 Ka6 25.
Bf7 Ng4 26. Qg7 Rc8 27. Rf4 h5 28. Nf3 Be8 29. Qg6 {Miles,A-Van der Sterren,P/
Linares zt 1995/1-0 (40)}) 5. Bd3 Nbd7 (5... c5 6. c3 Nc6 7. f4 Qb6 8. Rb1 Bd7
9. Ngf3 O-O-O 10. Ne5 Nxe5 11. fxe5 Ng8 12. Bxe7 Nxe7 13. O-O Nf5 14. Qf3 Bb5
15. dxc5 Qxc5 16. Nb3 Qb6 17. Bxb5 Qxb5 18. Nd4 Nxd4 19. exd4 Rd7 20. Qg3 g6
21. Rf2 Re8 22. Rbf1 Ree7 23. Qe3 h5 24. Qh6 Qa5 25. Qf8+ Qd8 26. Rxf7 {
1-0 Hodgson,J-Olsen,H/Politiken Cup 1996}) (5... b6 6. c3 (6. f4 Bb7 7. Qf3 c5
8. c3 Nc6 9. Nh3 c4 10. Bc2 b5 11. O-O g6 12. e4 h6 13. Bxf6 Bxf6 14. Rae1 O-O
15. Nf2 Ne7 16. e5 Bg7 17. g4 f5 18. exf6 Rxf6 19. Qg3 Qd6 20. Nh3 Rf7 21. Nf3
b4 22. Ne5 Bxe5 23. fxe5 Rxf1+ 24. Rxf1 Qd7 25. Qf4 {1-0 Lajos,J-Borcsok,L/
HUN-chT 1994}) 6... Bb7 7. Bxf6 Bxf6 8. f4 Qc8 9. Ne2 Ba6 10. Bxa6 Qxa6 11. O-O
Nd7 12. e4 dxe4 13. Nxe4 Qb7 14. N2g3 g6 15. Nxf6+ Nxf6 16. Qa4+ c6 17. Rae1
O-O-O 18. Ne4 Nxe4 19. Rxe4 c5 20. dxc5 bxc5 21. Rc4 Rd5 22. b4 Kb8 23. bxc5
Ka8 24. Rb4 Qc7 25. c6 Rb8 26. Rfb1 Rxb4 27. Qxb4 Rd6 28. Qb7+ Qxb7 29. Rxb7
Rxc6 30. Rxf7 Rxc3 31. Rxh7 Rc1+ 32. Kf2 Rc2+ 33. Kf3 Rxa2 34. Rg7 a5 35. Rxg6
Kb7 36. Rxe6 a4 37. h4 Rb2 38. h5 a3 39. Re1 {1-0 Ljubisavljevic,Z-Jovanovic,N/
JUG-chT2 1994}) 6. f4 (6. c3 e5 7. Ne2 c6 8. O-O exd4 9. exd4 O-O 10. Ng3 Nb6
11. Nf5 Bxf5 12. Bxf5 Ne8 13. Be3 Nd6 14. Bd3 Nbc4 15. Nxc4 Nxc4 16. Qc2 Nxe3
17. fxe3 {1/2-1/2 Hodgson,J-Atalik,S/Hastings9596 1996}) 6... b6 7. Nh3 Bb7 8.
Nf2 (8. Qf3 c5 9. c3 Qc7 10. a4 Bc6 11. O-O h6 12. Bxf6 Bxf6 13. Nf2 Be7 14.
Qh3 g6 15. Qg3 g5 16. Qf3 O-O-O 17. Ba6+ Kb8 18. Nd3 f6 19. Qe2 Ka8 20. Bb5 Bd6
21. Bxc6+ Qxc6 22. Qf3 f5 23. Ne5 Bxe5 24. fxe5 g4 25. Qe2 Nf8 26. Nb1 c4 27.
Nd2 Rh7 28. e4 dxe4 29. Nxc4 Ng6 30. Nd6 Rxd6 31. exd6 Qxd6 32. a5 Rb7 33. Qb5
Nf4 34. Rxf4 bxa5 35. Qe5 {1-0 Kovacevic,V-Nikolac,J/Rovinj/Zagreb 1975}) 8...
h6 9. Bxf6 Nxf6 10. c3 Bd6 11. Qf3 Qe7 12. O-O O-O 13. Qh3 (13. e4 dxe4 14.
Nfxe4 Nxe4 15. Bxe4 (15. Nxe4 c5 $11) 15... Bxe4 16. Nxe4 c5 $11) 13... a5 14.
Kh1 (14. e4 Bxf4 $19) (14. Qh4 Ba6 15. Bxa6 Rxa6 16. e4 dxe4 17. Nfxe4 Nxe4 18.
Qxe7 Bxe7 19. Nxe4 $11) 14... Ba6 15. g4 Nh7 16. Nf3 Bxd3 17. Nxd3 f6 18. Qg2 (
18. Rae1 $142 c5 19. e4 dxe4 (19... c4 20. Nf2 Bxf4 21. exd5 $16) 20. Rxe4 $36)
18... c5 19. Rae1 Qf7 20. h4 (20. e4 $5 c4 (20... dxe4 21. Rxe4 f5 22. Nde5 Qb7
23. Ree1 $13) 21. e5 Bc7 $13) 20... Qg6 21. Rd1 (21. f5 exf5 22. Nd2 fxg4 23.
Qxd5+ Kh8 24. Ne4 Bc7 $15) 21... h5 22. g5 (22. gxh5 Qxh5 23. Rg1 Ra7) 22... c4
23. Nf2 b5 24. Rg1 b4 25. Qh2 (25. gxf6 $5 Qxf6 (25... Qxg2+ 26. Rxg2 Nxf6 27.
Rdg1 Ra7 28. Ng5 $11) 26. Qg6 $1 $11) 25... f5 {Schwarz droht am Damenflügel
mit a5-a4-a3 entscheidenden Vorteil zu erzielen.} 26. Nh3 Qe8 {/\g7-g6} (26...
Z0 27. Ne5 Bxe5 28. fxe5 {/\Nf4}) 27. g6 $6 {Die einzige Chance aktiv zu
spielen, aber gut ist der Zug nicht.} Nf6 28. Rg5 $6 {/\Nf3-e5} (28. Nf2 Ng4
29. Nxg4 fxg4 30. Ne5 Bxe5 31. dxe5 Qxg6 $17) 28... Ng4 $1 29. Qe2 Be7 $19 30.
Rxh5 Qxg6 31. Rg5 Bxg5 32. fxg5 f4 $1 {[%cal Yg6f5,Yf5e4]} 33. e4 (33. Nxf4 Qe4
$19) (33. exf4 Qf5 $17) 33... Qxe4 34. Re1 a4 35. Qg2 (35. cxb4 a3 36. Nhg1
Qxe2 37. Rxe2 axb2 38. Rxb2 Rfc8 $19) 35... Ne3 36. Qf2 a3 37. bxa3 bxc3 38.
Rxe3 Qb1+ 39. Re1 Qf5 40. Nhg1 Rxa3 41. Qe2 Rfa8 42. Rc1 c2 43. Qe5 Qxe5 44.
dxe5 Rxa2 45. Nd4 Rb8 46. g6 Rb1 47. Rxc2 Rxc2 48. Nxc2 c3 0-1

[Event "Mondariz zt 1.1"]
[Site "Mondariz"]
[Date "2000.09.12"]
[Round "9"]
[White "Plaskett, H James"]
[Black "Jonkman, Harmen"]
[Result "1-0"]
[WhiteElo "2525"]
[BlackElo "2424"]
[Annotator "Kaspi,A"]
[PlyCount "101"]
[EventDate "2000.09.03"]
[EventType "swiss"]
[EventRounds "11"]
[EventCountry "ESP"]
[SourceTitle "CBM 079"]
[Source "ChessBase"]
[SourceDate "2000.11.21"]
[SourceVersion "1"]
[SourceVersionDate "2000.11.21"]
[SourceQuality "1"]

1. d4 {Tyomkin,D} d5 2. Bg5 Nf6 3. Bxf6 gxf6 4. e3 c5 5. dxc5 Nc6 $146 (5... e6
$142 6. c4 dxc4 $1 7. Qxd8+ (7. Qa4+ Nc6 8. Qxc4 Qa5+) 7... Kxd8 8. Bxc4 Bxc5
$10 {Lombardy,W-Ivkov,B/Amsterdam 1974}) 6. Nc3 e6 7. Qh5 Bd7 8. O-O-O b6 $5 {
Immediate capture on c5 leads to troubles after 9.e4, but black can prepare it
by 8...f5, covering 5th rank. 8...b6 is not so bad too-black gets a play on
the queenside.} (8... f5 9. Nf3 Bxc5 $11) (8... Bxc5 9. e4 $1 $16) 9. cxb6 (9.
e4 d4 10. Na4 Qc7 11. Bb5 e5 {and black gets a good play.}) 9... Qxb6 10. Bb5
Rb8 11. Nge2 Ne5 $6 (11... a6 $142 $5 12. Bxc6 Bxc6 {[%csl Rd5]} (12... Qxb2+
$4 13. Kd2 Bxc6 14. Rb1 $18) 13. b3 Qa5 14. Kb1 f5 $44 {[%csl Ra3,Rb2,Rc3]
[%cal Rg7b2] This position is semilar to the position from the game after 14th
move of black, but in current case, black controls the center, and especially
d5-square.}) 12. Bxd7+ Nxd7 13. b3 Qa5 14. Kb1 f5 $2 {Missing following blow
of white.} (14... Nb6 $6 15. e4 Nc4 16. exd5 Qa3 17. Na4 Qxa4 18. dxe6 Ne5 19.
f4 Ng6 20. exf7+ Kxf7 21. f5 $18) (14... Rc8 $142 15. Nxd5 (15. Na4 f5 $44)
15... exd5 16. Rxd5 Qc7 17. c4 Nb6 18. Rd3 Be7 19. Qg4 $14) 15. Nxd5 $1 {
[%mdl 64] By this blow white destroys blacks pawn center, and white even didnt
lose any material.} exd5 16. Qxf5 Qa6 (16... Rb5 17. c4 Rc5 18. Nf4 $18 {
[%csl Rd5,Re8]}) 17. Rxd5 Qe6 {Only way for black to stay alive for a while...}
18. Nd4 Qxf5 19. Nxf5 $16 {4 pawns of white for the bishop give white the big
advantage, in addition, all black pawns are separated, and pieces are not
connected yet.} Rg8 (19... Nf6 20. Re5+ Kd7 21. Rd1+ Kc6 22. Nd4+ Kc7 23. Nb5+
Kc6 24. Nxa7+ Kb6 25. Nb5 $18) 20. Rhd1 Rb7 21. g3 Rg6 22. f4 Be7 23. R1d4 Rc7
24. e4 Nb6 25. Re5 Nc8 {There is no outpost for the black knight on the board!
Black can not create any target for attack in whites camp.} 26. a4 Rgc6 27. c4
f6 28. Red5 Nb6 $6 (28... Bc5 29. Rd3 Ne7 30. Rd8+ Kf7 31. Nd6+ Bxd6 32. R3xd6
Rxd6 33. Rxd6 $16 {/+-}) 29. Nxe7 Rxe7 30. Rd8+ Kf7 31. a5 $18 Nc8 {Black
knight still didnt reach one good square!} 32. Kc2 Rb7 33. Kc3 Ne7 34. R4d6
Rxd6 35. Rxd6 Nc8 36. Ra6 Ke7 37. c5 {[%csl Rc8] The game is actually
finished- white just advances pawns on the queenside.} Kf7 38. b4 Ne7 39. Rd6
Nc8 40. Ra6 Ne7 41. Kc4 h5 42. b5 Rd7 43. Rd6 Rb7 44. c6 Nc8 45. Rd7+ Rxd7 46.
cxd7 Nd6+ 47. Kd5 Nb7 48. a6 Nd8 49. Kd6 Ne6 50. b6 axb6 51. a7 1-0

[Event "Petrov Memorial op"]
[Site "St Petersburg"]
[Date "2000.02.13"]
[Round "6"]
[White "Eliseev, Alexey"]
[Black "Riazantsev, Alexander"]
[Result "1-0"]
[WhiteElo "2325"]
[BlackElo "2442"]
[Annotator "Kaspi,A"]
[PlyCount "155"]
[EventDate "2000.02.05"]
[EventType "swiss"]
[EventRounds "9"]
[EventCountry "RUS"]
[SourceTitle "CBM 076"]
[Source "ChessBase"]
[SourceDate "2000.05.31"]
[SourceVersion "1"]
[SourceVersionDate "2000.05.31"]
[SourceQuality "1"]

1. d4 {Tyomkin,D} d5 2. Bg5 Nd7 {[%cal Gg8f6] The idea of the move is to get
rid of the broken pawn structure after 2...Nf6 3.Bxf6} 3. e3 c5 $146 4. dxc5
Qa5+ (4... Nxc5 $2 5. Nc3 {and suddenly black can not protect it's d-pawn!}) 5.
Nc3 e6 6. Nf3 Bxc5 (6... Qxc5 7. Qd2 Ngf6 (7... Be7 8. e4 $1 {using some
advantage in development.}) 8. Bd3 Be7 $11) 7. a3 Be7 8. Bf4 {[%csl Yc7][%cal
Gb2b4,Yc3b5]} a6 9. b4 Qd8 10. e4 $1 $14 {White has an advantage in
development, and should open position to use it.} Ndf6 ({Black had an
interesting tactical idea:} 10... e5 $5 11. Bxe5 (11. Bg3 dxe4 12. Nxe4 Qc7 13.
Qd4 $5 Ngf6 14. Bd3 Nxe4 15. Bxe4 Bd6 16. Qd3 Nf6 17. Rd1 Nxe4 18. Qxe4 f6 19.
O-O Be7 20. c4 $13) (11. Nxe5 Bf6 $17 {[%cal Rd8e7,Rf6a1]}) 11... Nxe5 12. Nxe5
Bf6 (12... Qc7 13. Qd4 dxe4 14. Nd5 $16) 13. Qd4 dxe4 14. Qxe4 Be6 15. f4 Qc7
16. Nd1 Rd8 17. c4 Ne7 18. Ne3 Bxe5 19. Qxe5 Qxe5 20. fxe5 Nc6 21. Be2 Nxe5 $11
) (10... dxe4 11. Nxe4 $16 {[%cal Ge4d6]}) 11. e5 Nd7 12. Qd4 Nb8 $6 {The
right way was to develop the knight g8 to f6, breaking by f7-f6 at first.} (
12... f6 $142 13. Bd3 fxe5 14. Nxe5 Ngf6 15. O-O O-O 16. Rad1 $14 {[%csl Ye5]
[%cal Gf1e1]}) 13. Rd1 Bd7 14. Qe3 Nc6 15. Be2 Bf8 16. O-O Nge7 17. Bd3 {
[%cal Gc3e2]} Ng6 18. Bg3 Be7 19. Ne2 {[%cal Gf3d4,Yf2f4,Yf4f5,Rc2c4] Whites
plan is to blocade d4-square and then to move f-pawn, but the immdiate threat
is c2-c4.} b5 20. Nfd4 Nf8 {The castling for the kingside was quite dangerous
for black, but preferable then to stay with the king in the centre.} (20... O-O
21. f4 $16) 21. f4 g6 22. Qf3 Qc8 23. Bf2 {[%cal Gc2c3,Gg2g4,Yf4f5,Ya3a4] With
such a big advantage in space, white may break on both wings.} h5 24. g3 Nxd4 (
24... Qc7 25. Nb3 $16) 25. Bxd4 Qb7 $6 {Missing following break of white.} (
25... Rh7 $142 {was a preventation of whites idea.} 26. h3 Qb7 27. Kg2 O-O-O
28. g4 hxg4 29. hxg4 Bc6 30. Rh1 Rxh1 31. Rxh1 Nd7 32. Rh7 Rf8 33. Kf2 Nb6 34.
f5 gxf5 35. gxf5 exf5 36. Ng3 $1 $16) 26. f5 $1 gxf5 27. Bxf5 O-O-O (27... exf5
28. e6 {[%csl Rh8] That's why white had to move away the rook.} fxe6 29. Bxh8
$16) 28. Bd3 Be8 29. h4 Ng6 30. Bxg6 fxg6 31. Nf4 Kd7 $2 (31... Rf8 $142 32.
Qc3+ (32. Qd3 Qc6 $13) 32... Kd7 33. Bc5 Qc6 34. Nd3 Bf7 35. Qd4 $16) {[%tqu
"En","White has a way to finish the game at once!","","","f4d5","",10]} 32. Qg2
$2 {[%mdl 128]} (32. Nxd5 $1 Rf8 (32... Qxd5 33. Bb6 Kc6 34. Bxd8 $18) (32...
exd5 33. e6+ $18 {[%csl Rh8]}) 33. Nf4 $18) 32... Rf8 {[%tqu "En","White has a
tactical blow.","","","f4e6","",10]} 33. Nxe6 $1 $18 {[%mdl 128] Finally white
converted its advantage to some material gain.} Kxe6 34. Rxf8 Bxf8 35. Rf1 {
The mating threat (Qh3 and Bc5) forces black to give up a bishop.} Bf7 36. Rf6+
Ke7 37. Qf3 {Returning a piece.} Be6 38. Bc5+ {Unaccuracy on this and on next
move probably are consiquences of the time pressure.} (38. Rxf8 $142 Rxf8 39.
Bc5+ Kd7 40. Qxf8 Qc6 {[%csl Ye6]} 41. Qg7+ Kd8 42. Qf6+ Kd7 43. Qxg6 $18)
38... Kd7 39. Bxf8 (39. Rxf8 $142) 39... Qc6 (39... Qc7 40. Qe3 Ra8 41. Bc5 $18
) 40. Bc5 {All following mistakes of white didn't disturb him to carry out the
win in this game. The reason of them is a lack of chess technique.} Rg8 41.
Rf7+ (41. Bd6 {[%cal Rf6e6,Rf6f7]} Re8 (41... Qxc2 $4 42. Rxe6 Qc1+ 43. Kh2 $18
) 42. Rxg6 Kc8 $18) 41... Kc8 {Finally blacks king got some safety.} 42. Re7 $6
(42. Qf6 $5 Rd8 $18) 42... Re8 43. Rg7 Bf5 44. Bd6 Qb6+ 45. Qf2 Qxf2+ 46. Kxf2
{[%cal Yf2e3,Ye3d4,Yd4c5] Otherwise white moves the king over black squares.}
d4 47. Ke2 Rd8 48. Rc7+ Kb8 49. Kd2 Ka8 50. Bc5 d3 51. c3 Re8 52. Bd4 (52. Ra7+
Kb8 53. Rf7 Ka8 54. Bd4 {and like in the game.}) 52... Re6 (52... Kb8 53. Rf7
$16 {with the same plan as in the game.}) 53. Rf7 Rc6 54. g4 $1 Bxg4 (54...
hxg4 55. h5 g3 56. h6 Rc8 57. h7 Kb8 58. e6 $18) 55. Kxd3 Bf5+ 56. Ke3 Kb8 57.
Kf4 Kc8 58. Kg5 {This is not a final stop of whites king in this game, of
course. It is very typical case for the endgame with this correlation of
pieces(R+B against R+B with opposite bishops) - the decisive factor is
activity of the king.} Kd8 (58... Rc7 59. Rf6 {[%csl Ra6]}) 59. Bc5 Ke8 60.
Re7+ Kd8 61. Ra7 Ke8 62. Rg7 Kd8 63. Rh7 Kc8 64. Ra7 Kb8 65. Rf7 Kc8 66. Kh6
Kd8 67. Kg7 Kc8 68. Kf8 Kd8 69. Ra7 Kc8 70. Kf7 {The king has a main role in
this ending story! But it's not the end of the trip!} Bd3 71. Bd6 Bf5 72. Ke7
Rxc3 73. e6 Rc6 74. Rd7 (74. Ra8+ Kb7 75. Rb8+ Ka7 76. Rd8 $18 {[%cal Ge7f7,
Ye6e7]}) 74... Rb6 (74... Rc4 $142 75. Rd8+ Kb7 76. Kf6 Bxe6 $8 77. Kxe6 $18)
75. Rc7+ (75. Rd8+ Kb7 $18) 75... Kb8 76. Kd7 Rb7 77. Kd8 $1 {The final stop
of the king on very funny square- "e1" of black, and king is waiting for the
rest of its army to begin the next game!} Bxe6 (77... Rb6 78. Rc6+ Kb7 79.
Rxb6+ Kxb6 $18) 78. Rc8+ (78. Rc8+ Ka7 79. Bc5+ Rb6 80. Rc6 $18) 1-0

[Event "Linares-03"]
[Site "Linares"]
[Date "1981.01.20"]
[Round "3"]
[White "Bellon Lopez, Juan Manuel"]
[Black "Spassky, Boris Vasilievich"]
[Result "0-1"]
[WhiteElo "2415"]
[BlackElo "2635"]
[Annotator "Kharitonov,A"]
[PlyCount "62"]
[EventDate "1981.01.17"]
[EventType "tourn"]
[EventRounds "11"]
[EventCountry "ESP"]
[EventCategory "13"]
[SourceTitle "MCL"]
[Source "ChessBase"]
[SourceDate "1999.07.01"]
[SourceVersion "1"]
[SourceVersionDate "1999.07.01"]
[SourceQuality "1"]

1. Nc3 d5 2. d4 Nf6 3. Bg5 h6 $5 4. Bh4 (4. Bxf6 exf6 5. e3 c6 6. Bd3 Bd6 (6...
f5 7. h4 h5 8. Nce2 Qb6 9. b3 g6 10. Nf3 Nd7 11. O-O Bh6 $10 {Bellin,
R-Kharitonov,A/Lodz/1980/0,5 (26)/}) 7. Nge2 (7. Qf3 $5) 7... O-O 8. e4 dxe4 9.
Nxe4 Bc7 10. c3 Nd7 11. Bc2 Re8 12. Qd3 Nf8 $10 {Suetin,A-Balashov,Y/Moscow/
1978/0:1 (54)/}) 4... Bf5 5. f3 (5. e3 $5 Nbd7 6. Bd3 $10) 5... c6 6. Qd2 (6.
Bxf6 exf6 7. e4 dxe4 8. fxe4 Bh7 9. a3 Bd6 10. Nf3 O-O 11. Bd3 Nd7 $13) 6...
Nbd7 7. Nh3 $2 (7. e3 $5) (7. g4 Bh7 8. e3 e5 9. O-O-O $13) 7... Bxh3 8. gxh3
e5 $15 9. dxe5 $2 (9. e3 Bb4 $13) (9. e3 Qc7 {/\0-0-0=/+/}) 9... Nxe5 10. Qe3
$2 (10. O-O-O $5 Be7 11. Qd4 Ng6 12. Bg3 O-O $15) 10... Nfg4 $1 11. hxg4 (11.
Bxd8 Nxe3 $19) (11. Qxe5+ Nxe5 12. Bxd8 Rxd8 $17) 11... Qxh4+ 12. Qf2 (12. Kd1
Qe7 $17) 12... Qf6 $1 13. a3 (13. O-O-O Nxg4) (13. Nd1 $8 Nc4 14. Rb1 (14. c3
Nxb2 $19) 14... Bb4+ 15. c3 Ba5 $17) 13... Nc4 $19 14. Nd1 (14. O-O-O Bxa3)
14... Nxb2 15. Qe3+ Be7 16. Nxb2 Qxb2 17. Rd1 Qxa3 18. Qxa3 Bxa3 19. e4 dxe4
20. fxe4 b5 21. Bg2 Rd8 22. Ke2 (22. e5 Rxd1+ 23. Kxd1 Kd7 24. Rf1 Rf8 $19)
22... Ke7 23. e5 Rxd1 24. Rxd1 Rc8 25. h4 (25. Ra1 Bc5 26. Ra6 Bb6) 25... a5
26. Rd3 b4 27. Rd4 a4 28. Kd3 c5 29. Rf4 Bb2 30. Bd5 Rd8 31. c4 (31. Ke4 Rxd5
32. Kxd5 a3 $19) (31. Rxf7+ Ke8 32. Ke4 Rxd5) 31... bxc3 0-1

[Event "Dortmund 46th"]
[Site "Dortmund"]
[Date "2018.07.17"]
[Round "3"]
[White "Duda, Jan Krzysztof"]
[Black "Wojtaszek, Radoslaw"]
[Result "1-0"]
[WhiteElo "2737"]
[BlackElo "2733"]
[Annotator "Krasenkow,M"]
[PlyCount "79"]
[EventDate "2018.07.14"]
[EventType "tourn"]
[EventRounds "7"]
[EventCountry "GER"]
[EventCategory "19"]
[SourceTitle "CBM 186"]
[Source "ChessBase"]
[SourceDate "2018.09.14"]
[SourceVersion "1"]
[SourceVersionDate "2018.09.14"]
[SourceQuality "1"]

1. d4 Nf6 2. Bg5 d5 3. Bxf6 gxf6 4. c4 ({More energetic than} 4. e3 c5) 4...
dxc4 5. e3 c5 6. d5 {A relatively rare move.} (6. Bxc4 cxd4 7. exd4 {is the
main line.}) 6... Bg7 (6... b5 {looks more ambitious but White regains the
pawn and keeps a small edge after} 7. a4 (7. Nc3 $143 a6 8. a4 b4 9. Ne4 f5 10.
Ng5 Qd6 11. Bxc4 Bg7 $15 {[%cal Yb8d7] 0-1 (32) Poghosyan,S (2260)-Ter
Sahakyan,S (2599) Yerevan 2016}) 7... Bb7 8. axb5 Qxd5 9. Qxd5 Bxd5 10. Nc3 (
10. Nd2 Nd7 11. Ne2 e6 12. Nc3 Nb6 13. e4 Bb7 14. Nxc4 Nxc4 15. Bxc4 Bd6 16.
O-O Be5 $11 {0-1 (57) Brumen,D (2368)-Saric,I (2482) Kutina 2006}) 10... Bb7
11. Bxc4 $1 {[%cal Yc4d5]} ({better than} 11. f3 Nd7 12. Bxc4 {0-1 (30)
Collier,D (2175)-Hebden,M (2532) Port Erin 2006} Ne5 $132 13. b3 $140 Bh6 14.
Kf2 O-O-O $1) 11... e6 (11... Bxg2 $2 12. Bd5 $1 Bxd5 13. Nxd5 $18 {[%cal
Rd5c7,Rd5b6]}) 12. f3 Nd7 13. Nge2 Ne5 14. b3 $14 {[%cal Ga1a7]}) 7. Bxc4 f5 (
7... O-O 8. Ne2 Nd7 9. Nf4 Nb6 10. Be2 $5 $14 ({instead of} 10. Bd3 $6 f5 {
[%cal Rb6d5,Rg7b2]} 11. Nc3 Bxc3+ 12. bxc3 Nxd5 $15 {0-1 (55) Petrosian,K 
(2400)-Farago,I (2520) Germany 1995})) 8. Nc3 Nd7 (8... O-O 9. Nge2 Nd7 10. Nf4
$5 (10. a4 Ne5 11. Ba2 Qb6 12. Qc2 Bd7 $132 {0-1 (31) Bednarek,S (2307)
-Koutoukidis,P (2368) Aghios Kirykos GRE 2018}) 10... Nb6 11. Be2 $14) 9. Nge2
a6 10. a4 Ne5 {So, White has not managed to rearrange his pieces in the best
way (Ne2-f4, Bc4-e2), and Black gets a good position.} 11. Ba2 $6 (11. Bd3 $5 {
was probably better, preventing ...b7-b5 for the time being.}) 11... O-O 12.
O-O Rb8 $6 {Black unnecessarily wastes time.} (12... b5 $1 {was possible at
once:} 13. axb5 $6 (13. Nf4 $5 $15) 13... axb5 14. Nxb5 Ba6 15. Nbc3 Qb6 {
with strong pressure for the sacrificed pawn.}) 13. Ng3 b5 14. axb5 axb5 15.
Qc2 $132 Qd6 16. Nce2 $6 (16. Rac1 $142) 16... b4 ({Black misses a good
opportunity to correct his inaccuracy:} 16... Ra8 $1 $17 17. Nxf5 $140 Bxf5 18.
Qxf5 Qg6 $1 19. Qxg6 Nxg6 $1 {[%cal Rg7b2]} 20. Rfb1 {(otherwise Black takes
on b2, gets two connected passed pawns and a clear advantage)} c4 {, and
White's pieces are almost stalemated.}) 17. Rac1 b3 $6 {This operation allows
White to seize the initiative.} (17... Ba6 $5 $13) 18. Bxb3 c4 19. Bxc4 Rxb2
20. Qd1 Qb4 21. Nd4 $1 {This was probably missed by GM Radoslaw Wojtaszek.
White temporarily sacrifices a piece but then regains material.} Nxc4 (21...
Rd2 22. Qb3) 22. Nc6 Qc5 $6 (22... Qb5 $142 $1 23. Nxe7+ Kh8 24. Nxc8 Rxc8 25.
Nxf5 {and the position remains tense although White, with his three pawns for
a piece, keeps an edge.}) 23. Qa4 $16 {White recaptures the piece and keeps an
extra pawn.} Rd2 (23... Nb6 $2 24. Rxc5 Nxa4 25. Nxe7+ Kh8 26. Rxc8) (23... Rb7
{was passive but more stubborn.}) 24. Rxc4 Qd6 25. Qa7 $1 Bf6 (25... Bd7 26.
Nxf5) 26. Nh5 Kh8 27. Nxf6 exf6 28. Rd4 $18 {The rest is a matter of technique.
A pawn down, with tripled pawns, Black can't survive for long} Rc2 29. Nb4 Rc5
30. Rfd1 Bd7 31. Qa6 Qxa6 32. Nxa6 Rb5 33. h4 Rc8 34. Nb4 Kg7 35. Kh2 Kf8 36.
R1d2 Rcb8 37. Nd3 Ke7 38. Nf4 Rb2 39. d6+ Kf8 40. Nh5 1-0